[Event "Labour Day op"]
[Site "Langley CAN"]
[Date "2010.09.04"]
[Round "2.1"]
[White "Fuentebella, Mayo"]
[Black "Lai, Jingzhou (Peter)"]
[Result "1-0"]
[WhiteElo "2336"]
[BlackElo "1908"]
[PlyCount "109"]
[EventDate "2010.09.04"]
[EventType "swiss"]
[EventRounds "6"]
[EventCountry "CAN"]

1. c4 c5 2. Nc3 Nc6 3. Nf3 Nf6 4. d4 cxd4 5. Nxd4 g6 6. e4 Bg7 7. Be3 O-O 8.
Be2 d6 9. f3 Bd7 10. Qd2 Rc8 11. O-O Nxd4 12. Bxd4 Qa5 13. Rac1 Be6 14. b3 Rfe8
15. Rfd1 a6 16. Be3 Nd7 17. Nd5 Qxd2 18. Rxd2 Ne5 19. Nb6 Rc6 20. Rcc2 f5 21.
h3 f4 22. Bf2 g5 23. Nd5 Kf7 24. Rd1 Nd7 25. Rdc1 h6 26. Kf1 Nf6 27. Ke1 Bd7
28. Kd1 Nxd5 29. exd5 Rcc8 30. Bd3 Be5 31. Re2 Kf6 32. Kd2 Bf5 33. Rc2 e6 34.
dxe6 Bxd3 35. Kxd3 Kf5 36. Re4 Rxe6 37. Bd4 Rce8 38. Rce2 Rd8 39. Kc3 b6 40.
Kb4 Rb8 41. a4 h5 42. Kc3 a5 43. b4 Rb7 44. Rb2 Ree7 45. Kd3 Red7 46. Ree2 Re7
47. bxa5 bxa5 48. Rb5 Rxb5 49. axb5 a4 50. Ra2 g4 51. hxg4+ hxg4 52. Rxa4 gxf3
53. gxf3 Bxd4 54. Kxd4 Re3 55. Rb4 1-0

[Event "Labour Day op"]
[Site "Langley CAN"]
[Date "2010.09.04"]
[Round "2.2"]
[White "Leblanc, Paul"]
[Black "MacKay, Ian"]
[Result "0-1"]
[WhiteElo "1885"]
[BlackElo "2316"]
[PlyCount "92"]
[EventDate "2010.09.04"]
[EventType "swiss"]
[EventRounds "6"]
[EventCountry "CAN"]

1. d4 c5 2. d5 g6 3. g3 b5 4. a4 b4 5. a5 Nf6 6. Bg2 d6 7. c4 bxc3 8. bxc3 Nbd7
9. c4 Rb8 10. Qc2 Bg7 11. Bb2 O-O 12. Nd2 Rxb2 13. Qxb2 Nxd5 14. Qa3 Bxa1 15.
Bxd5 Bg7 16. Ngf3 e6 17. Be4 f5 18. Bc2 Qf6 19. O-O g5 20. Rd1 g4 21. Nh4 Ne5
22. Bb3 a6 23. Bc2 Qe7 24. Ng2 Nc6 25. Nb3 Nb4 26. Bb1 Bb7 27. Nd2 Ba8 28. e4
Bh6 29. Nf4 fxe4 30. Bxe4 d5 31. Bg2 Qf6 32. cxd5 exd5 33. Qe3 Bxf4 34. gxf4 d4
35. Qb3+ Kg7 36. Bxa8 Rxa8 37. Re1 Rf8 38. Re4 Rf7 39. Qc4 Qf5 40. Re5 Qxf4 41.
Qxc5 h6 42. Re4 Qxf2+ 43. Kh1 Qxd2 44. Rxg4+ Kh7 45. Qd6 Qe1+ 46. Rg1 Qe4+ 0-1

[Event "Labour Day op"]
[Site "Langley CAN"]
[Date "2010.09.04"]
[Round "2.3"]
[White "Wu, Howard"]
[Black "Han, Yiming"]
[Result "1/2-1/2"]
[WhiteElo "2214"]
[BlackElo "1880"]
[PlyCount "62"]
[EventDate "2010.09.04"]
[EventType "swiss"]
[EventRounds "6"]
[EventCountry "CAN"]

1. e4 e5 2. Nc3 Nf6 3. Nf3 Nc6 4. Bc4 Nxe4 5. O-O Nf6 6. Nxe5 Nxe5 7. Re1 Be7
8. Rxe5 d6 9. Re1 O-O 10. d4 h6 11. Qf3 c6 12. d5 Bg4 13. Qg3 Kh8 14. Bf4 b5
15. Rxe7 Qxe7 16. Bxd6 Qd8 17. Bxf8 bxc4 18. Bxg7+ Kxg7 19. h3 cxd5 20. hxg4 d4
21. g5 Nh5 22. Qe5+ f6 23. gxf6+ Qxf6 24. Qxh5 dxc3 25. Qg4+ Kh8 26. Qe4 Rf8
27. Rf1 cxb2 28. Qxc4 Qxf2+ 29. Rxf2 b1=Q+ 30. Rf1 Rxf1+ 31. Qxf1 Qxa2 1/2-1/2

[Event "Labour Day op"]
[Site "Langley CAN"]
[Date "2010.09.05"]
[Round "2.4"]
[White "Davidson, Brian"]
[Black "Sohal, Tanraj"]
[Result "0-1"]
[WhiteElo "1839"]
[BlackElo "2165"]
[PlyCount "97"]
[EventDate "2010.09.04"]
[EventType "swiss"]
[EventRounds "6"]
[EventCountry "CAN"]

1. d4 Nf6 2. c4 e6 3. a3 b6 4. Nf3 Bb7 5. Bg5 Be7 6. e3 O-O 7. Bd3 Ne4 8. Bxe7
Qxe7 9. Qc2 f5 10. O-O d6 11. Nbd2 Nxd2 12. Nxd2 Qg5 13. e4 f4 14. Nf3 Qh5 15.
d5 e5 16. Be2 Qg6 17. Nh4 Qf6 18. Nf5 Bc8 19. Bg4 Kh8 20. Qe2 h5 21. Bxh5 g6
22. Bxg6 Qxg6 23. Ne7 Qh7 24. Nxc8 Rxc8 25. Rac1 Nd7 26. Rc3 Qg6 27. Rh3+ Kg7
28. Rd1 Rh8 29. Rdd3 Kf7 30. Rxh8 Rxh8 31. b4 Nf6 32. f3 Qh6 33. h3 Qg5 34. Kh2
Qg3+ 35. Kh1 Nd7 36. Qf1 Ra8 37. Rd1 Ke7 38. Ra1 a5 39. Kg1 Qh4 40. Qb1 Rg8 41.
Kh1 Qf2 42. Ra2 Qd4 43. Rc2 axb4 44. axb4 Ra8 45. Ra2 Rxa2 46. Qxa2 Nf6 47. Kh2
Nh5 48. Qc2 Ng3 49. b5 0-1

[Event "Labour Day op"]
[Site "Langley CAN"]
[Date "2010.09.05"]
[Round "2.5"]
[White "Kyriakides, Savvas"]
[Black "Roback, Joe"]
[Result "0-1"]
[WhiteElo "2106"]
[BlackElo "1839"]
[PlyCount "98"]
[EventDate "2010.09.04"]
[EventType "swiss"]
[EventRounds "6"]
[EventCountry "CAN"]

1. e4 c5 2. Nf3 d6 3. d4 cxd4 4. Nxd4 Nf6 5. Nc3 a6 6. Bc4 e6 7. Bb3 Nbd7 8.
O-O Nc5 9. Re1 Be7 10. f3 Qc7 11. Be3 b5 12. Qd2 Bb7 13. Rad1 O-O 14. Qf2 Rfd8
15. Qg3 Kh8 16. Kh1 Rac8 17. Rd2 Rd7 18. Qh3 Rcd8 19. g4 b4 20. Nce2 d5 21. g5
Ng8 22. e5 a5 23. g6 fxg6 24. Nf4 Nh6 25. Nxg6+ Kg8 26. Bxh6 hxg6 27. Nxe6 Nxe6
28. Qxe6+ Kh7 29. Rg1 Qc6 30. Qxc6 Bxc6 31. Bf4 a4 32. Rdg2 g5 33. e6 Rb7 34.
Bxg5 Bxg5 35. Rxg5 axb3 36. axb3 d4 37. Kg2 d3 38. cxd3 Rxd3 39. Rf5 Re7 40.
Re1 Bd5 41. Rg1 Bxe6 42. Rf4 Bh3+ 43. Kxh3 Re5 44. Rxb4 Ree3 45. Kg4 Rxf3 46.
Rb7 Rxb3 47. Rc7 Rfd3 48. Rc2 Rd4+ 49. Kg5 Rd2 0-1

[Event "Labour Day op"]
[Site "Langley CAN"]
[Date "2010.09.05"]
[Round "2.7"]
[White "Cheng, Louis"]
[Black "Escandor, Manuel"]
[Result "1-0"]
[WhiteElo "1974"]
[BlackElo "1778"]
[PlyCount "61"]
[EventDate "2010.09.04"]
[EventType "swiss"]
[EventRounds "6"]
[EventCountry "CAN"]

1. d4 d5 2. c4 Nf6 3. cxd5 Nxd5 4. e4 Nf6 5. Nc3 e6 6. Be3 Be7 7. Nf3 Nc6 8.
Rc1 Bb4 9. Bd3 O-O 10. h3 Ne7 11. a3 Bxc3+ 12. Rxc3 b6 13. Qc2 Ne8 14. O-O Bb7
15. Rc1 Rc8 16. b4 f5 17. Ng5 Rf6 18. Bc4 Bxe4 19. Nxe6 Qd6 20. Qa2 Bd5 21. Ng5
h6 22. Nf3 f4 23. Bd2 Kh8 24. Re1 Rg6 25. Rxe7 Bxf3 26. Rxe8+ Rxe8 27. Rxf3
Qxd4 28. Bf7 Rxg2+ 29. Kxg2 Re2 30. Bc3 Qxc3 31. Qxe2 1-0

[Event "Labour Day op"]
[Site "Langley CAN"]
[Date "2010.09.05"]
[Round "2.8"]
[White "Cheng, Jack"]
[Black "Laceste, Loren"]
[Result "0-1"]
[WhiteElo "1937"]
[BlackElo "1748"]
[PlyCount "72"]
[EventDate "2010.09.04"]
[EventType "swiss"]
[EventRounds "6"]
[EventCountry "CAN"]

1. e4 c5 2. Nf3 Nc6 3. d4 cxd4 4. Nxd4 Qb6 5. Nb3 Nf6 6. Nc3 e6 7. Be3 Qc7 8.
Bd3 Be7 9. O-O d6 10. f4 a6 11. a4 b6 12. Qe2 Bb7 13. f5 exf5 14. exf5 Ne5 15.
Bd4 O-O 16. Rae1 Rfe8 17. Bxe5 dxe5 18. Ne4 Nd5 19. f6 Nxf6 20. Nxf6+ Bxf6 21.
Rxf6 gxf6 22. Qg4+ Kf8 23. Bxh7 Rad8 24. Qh4 Qd6 25. Qh6+ Ke7 26. h4 Rh8 27.
Qg7 Bd5 28. Rf1 Bxb3 29. cxb3 Qd4+ 30. Rf2 Qxh4 31. g3 Rd1+ 32. Rf1 Rxf1+ 33.
Kxf1 Qh3+ 34. Kf2 Rxh7 35. Qg5 Qf5+ 36. Kg2 Qe4+ 0-1

[Event "Labour Day op"]
[Site "Langley CAN"]
[Date "2010.09.05"]
[Round "2.9"]
[White "Long, Hugh"]
[Black "Doknjas, John"]
[Result "1/2-1/2"]
[WhiteElo "1725"]
[BlackElo "1917"]
[PlyCount "66"]
[EventDate "2010.09.04"]
[EventType "swiss"]
[EventRounds "6"]
[EventCountry "CAN"]

1. d4 Nf6 2. c4 c5 3. e3 e6 4. Nc3 d5 5. Nf3 Nc6 6. Be2 dxc4 7. Bxc4 cxd4 8.
exd4 Bb4 9. O-O O-O 10. Bg5 Be7 11. Qd2 Nd5 12. Bxe7 Ncxe7 13. Rad1 b6 14. Bd3
Bb7 15. Rfe1 Nxc3 16. bxc3 Bxf3 17. gxf3 Qd6 18. Qg5 Nd5 19. Qh4 h6 20. c4 Qf4
21. Qg3 Qxg3+ 22. fxg3 Nf6 23. d5 exd5 24. cxd5 Nxd5 25. Bc4 Nf6 26. Re7 a6 27.
Rd6 b5 28. Bb3 a5 29. a4 bxa4 30. Bxa4 Rad8 31. Ra6 Ra8 32. Rxa8 Rxa8 33. Bb3
Rf8 1/2-1/2

[Event "Labour Day op"]
[Site "Langley CAN"]
[Date "2010.09.05"]
[Round "2.10"]
[White "Langingin, Jofrel"]
[Black "Lo, Ryan"]
[Result "0-1"]
[WhiteElo "1911"]
[BlackElo "1728"]
[PlyCount "108"]
[EventDate "2010.09.04"]
[EventType "swiss"]
[EventRounds "6"]
[EventCountry "CAN"]

1. d4 Nf6 2. c4 g6 3. Nc3 d5 4. Nf3 Bg7 5. e3 O-O 6. Be2 c6 7. a4 Re8 8. O-O
Bg4 9. Qb3 Bc8 10. a5 e6 11. Ne5 Nbd7 12. f4 Ne4 13. Qc2 f5 14. Nxe4 dxe4 15.
b4 Qc7 16. Bb2 Nxe5 17. dxe5 Bd7 18. Bd4 b6 19. Bc3 Bf8 20. Kh1 c5 21. b5 Red8
22. g4 Be8 23. Ra2 Be7 24. Rfa1 Qb7 25. Rg1 Kh8 26. Bf1 Bf8 27. gxf5 gxf5 28.
Qg2 Bg7 29. Qg5 Bg6 30. Qh4 Bf7 31. Rag2 Rg8 32. Be2 Qc7 33. Be1 bxa5 34. Qh3
a6 35. bxa6 Rxa6 36. Bh4 Raa8 37. Bg5 Bg6 38. Qh4 Ra7 39. Bd8 Qxd8 40. Qh3 Bf7
41. Rg5 a4 42. Bh5 Bxh5 43. Qxh5 a3 44. Qh3 a2 45. Ra1 Qd3 46. Rgg1 Qxc4 47.
Qh4 Qe2 48. Rg3 c4 49. Rh3 h6 50. Qg5 Qg4 51. Rxa2 Qxg5 52. Rxa7 Qg4 53. Rxh6+
Bxh6 54. Rh7+ Kxh7 0-1

[Event "Labour Day op"]
[Site "Langley CAN"]
[Date "2010.09.05"]
[Round "3.1"]
[White "Roback, Joe"]
[Black "Fuentebella, Mayo"]
[Result "0-1"]
[WhiteElo "1839"]
[BlackElo "2336"]
[PlyCount "126"]
[EventDate "2010.09.04"]
[EventType "swiss"]
[EventRounds "6"]
[EventCountry "CAN"]

1. e4 c6 2. d4 d5 3. Nc3 dxe4 4. Nxe4 Bf5 5. Ng3 Bg6 6. Nf3 Nd7 7. h4 h6 8. h5
Bh7 9. Bd3 Bxd3 10. Qxd3 Ngf6 11. Bd2 Qc7 12. O-O-O e6 13. Ne4 Nxe4 14. Qxe4
Nf6 15. Qe2 O-O-O 16. Kb1 Kb8 17. c4 Ka8 18. Bc3 Bd6 19. Ne5 Rb8 20. Qf3 Rhc8
21. a4 c5 22. Rhe1 cxd4 23. Bxd4 Qe7 24. Re2 Rc7 25. b3 Rbc8 26. Nxf7 Bc5 27.
Ne5 Bxd4 28. Rxd4 Qc5 29. Rd3 Nd5 30. Rd1 Rf8 31. Qg3 Nf4 32. Re3 Nxh5 33. Qh4
Nf6 34. Qd4 Qb4 35. Qd6 Qxd6 36. Rxd6 Re8 37. Ng6 Rc6 38. Rexe6 Rxd6 39. Rxd6
Kb8 40. Rd2 Kc7 41. Kc2 Kc6 42. Nf4 a5 43. Nd5 Nd7 44. f4 Nc5 45. Nc3 Re3 46.
Re2 Rg3 47. Rd2 h5 48. Nb5 Nxb3 49. Rd6+ Kc5 50. Rd5+ Kb4 51. Rg5 Rxg5 52. fxg5
Nc5 53. Nd6 b6 54. g6 Ne6 55. g3 Nf8 56. Kd3 Nxg6 57. Kd4 Ne7 58. Kd3 g5 59.
Ne4 Nf5 60. Nxg5 Nxg3 61. Kd4 Nf5+ 62. Kd3 Nd6 63. Nf3 Nxc4 0-1

[Event "Labour Day op"]
[Site "Langley CAN"]
[Date "2010.09.05"]
[Round "3.2"]
[White "MacKay, Ian"]
[Black "Cheng, Louis"]
[Result "1-0"]
[WhiteElo "2316"]
[BlackElo "1974"]
[PlyCount "51"]
[EventDate "2010.09.04"]
[EventType "swiss"]
[EventRounds "6"]
[EventCountry "CAN"]

1. Nf3 Nf6 2. c4 e6 3. Nc3 d5 4. d4 c6 5. e3 dxc4 6. Bxc4 b5 7. Bd3 Nbd7 8. e4
Bb7 9. e5 Nd5 10. Ng5 Bb4 11. Nge4 Qb6 12. Qg4 O-O-O 13. a3 h5 14. Qe2 Qxd4 15.
axb4 Nxe5 16. Bb1 f5 17. O-O fxe4 18. Nxe4 Rhf8 19. Nc5 Rf6 20. Rxa7 Rdf8 21.
Rxb7 Ng4 22. Bf5 exf5 23. Bg5 Nf4 24. Qf3 Qxb4 25. Qxf4 Qxc5 26. Qc7# 1-0

[Event "Labour Day op"]
[Site "Langley CAN"]
[Date "2010.09.05"]
[Round "3.3"]
[White "Laceste, Loren"]
[Black "Sohal, Tanraj"]
[Result "1-0"]
[WhiteElo "1748"]
[BlackElo "2165"]
[PlyCount "133"]
[EventDate "2010.09.04"]
[EventType "swiss"]
[EventRounds "6"]
[EventCountry "CAN"]

1. d4 Nf6 2. c4 e6 3. Nf3 c5 4. d5 d6 5. Nc3 e5 6. e4 Be7 7. h3 O-O 8. g4 a6 9.
Qc2 Bd7 10. Bd2 Qc8 11. a4 b6 12. Ne2 Ne8 13. Ng3 g6 14. Bd3 Ng7 15. Bh6 f6 16.
Nd2 Ra7 17. O-O Be8 18. Be3 Bd8 19. Kg2 Raf7 20. f4 Nd7 21. f5 g5 22. Rh1 Nb8
23. h4 h6 24. Nf3 Rb7 25. Qd2 Be7 26. Rh2 Qd8 27. hxg5 hxg5 28. b3 Kf7 29. Rh7
Rg8 30. Rf1 Kf8 31. Qf2 Nd7 32. Nxg5 fxg5 33. f6 Bxf6 34. Bxg5 Bf7 35. Bxf6
Nxf6 36. Qxf6 Qxf6 37. Rxf6 Ne8 38. Rf2 Rxg4 39. Be2 Rg7 40. Rh8+ Ke7 41. Rxf7+
Rxf7 42. Bh5 Ng7 43. Bxf7 Kxf7 44. Rd8 Ke7 45. Ra8 a5 46. Kf3 Kd7 47. Kg4 Ne8
48. Kg5 Rc7 49. Rb8 Rc8 50. Rxb6 Nc7 51. Nf5 Rg8+ 52. Kf6 Ne8+ 53. Kf7 Rg4 54.
Rb8 Rxe4 55. Rxe8 Rf4 56. Re7+ Kd8 57. Ra7 Rxf5+ 58. Ke6 Rh5 59. Kxd6 Kc8 60.
Kc6 Kb8 61. Re7 Rh3 62. d6 Rh6 63. Re8+ Ka7 64. Kc7 Rh3 65. d7 Rxb3 66. d8=Q
Rb7+ 67. Kc6 1-0

[Event "Labour Day op"]
[Site "Langley CAN"]
[Date "2010.09.05"]
[Round "3.4"]
[White "Lo, Ryan"]
[Black "Wu, Howard"]
[Result "0-1"]
[WhiteElo "1728"]
[BlackElo "2214"]
[PlyCount "72"]
[EventDate "2010.09.04"]
[EventType "swiss"]
[EventRounds "6"]
[EventCountry "CAN"]

1. d4 c5 2. d5 Nf6 3. c4 b5 4. f3 b4 5. e4 d6 6. b3 g6 7. Bb2 Bg7 8. Nd2 O-O 9.
Bd3 e5 10. g4 h5 11. g5 Nh7 12. h4 f6 13. gxf6 Bxf6 14. Qe2 Bxh4+ 15. Kd1 Bg5
16. Kc2 Qf6 17. Rf1 Bf4 18. Nh3 Bxh3 19. Rxh3 a5 20. Rhh1 Ra7 21. Qg2 Rg7 22.
Be2 Nd7 23. Rfg1 Be3 24. Rf1 a4 25. Rh3 Ng5 26. Rh4 Bxd2 27. f4 axb3+ 28. axb3
Nxe4 29. Rh2 Bc3 30. Qxe4 Bxb2 31. Kxb2 exf4+ 32. Kc1 Qc3+ 33. Kd1 Qxb3+ 34.
Ke1 Qc3+ 35. Kd1 Qd4+ 36. Qxd4 cxd4 0-1

[Event "Labour Day op"]
[Site "Langley CAN"]
[Date "2010.09.05"]
[Round "3.5"]
[White "Moore, David"]
[Black "Han, Yiming"]
[Result "1/2-1/2"]
[WhiteElo "2070"]
[BlackElo "1880"]
[PlyCount "82"]
[EventDate "2010.09.04"]
[EventType "swiss"]
[EventRounds "6"]
[EventCountry "CAN"]

1. e4 e5 2. Nf3 Nc6 3. Bb5 a6 4. Ba4 Nf6 5. O-O b5 6. Bb3 Bc5 7. c3 Bb6 8. d4
O-O 9. Bg5 h6 10. Bh4 g5 11. Bg3 exd4 12. e5 Ne4 13. Qd3 d5 14. exd6 Bf5 15.
Nxd4 Bxd4 16. cxd4 Nxd6 17. Qc3 Ne7 18. Nd2 Rc8 19. f4 Bg6 20. fxg5 hxg5 21.
Be5 Qd7 22. Rf3 Ne4 23. Nxe4 Bxe4 24. Rg3 Ng6 25. Rxg5 Rfe8 26. Qe3 Bd5 27. Bc2
Re6 28. Qh3 Kf8 29. Bf5 Nxe5 30. dxe5 Ke7 31. Bxe6 Bxe6 32. Qh4 Qd5 33. Rg8+
Kd7 34. Rxc8 Kxc8 35. Qf4 Qc5+ 36. Kh1 Qc2 37. Qc1 Qe2 38. Qc3 Bd5 39. Rg1
Bxg2+ 40. Rxg2 Qd1+ 41. Rg1 Qd5+ 1/2-1/2

[Event "Labour Day op"]
[Site "Langley CAN"]
[Date "2010.09.05"]
[Round "3.6"]
[White "Goodman, Kevin"]
[Black "Long, Hugh"]
[Result "1-0"]
[WhiteElo "2014"]
[BlackElo "1725"]
[PlyCount "97"]
[EventDate "2010.09.04"]
[EventType "swiss"]
[EventRounds "6"]
[EventCountry "CAN"]

1. Nf3 d5 2. c4 d4 3. g3 c5 4. Bg2 Nc6 5. O-O e5 6. d3 Bd6 7. e3 Nge7 8. Nbd2
f5 9. exd4 cxd4 10. a3 a5 11. Nb3 O-O 12. c5 Bc7 13. Nbd2 h6 14. Qb3+ Kh8 15.
Re1 Rb8 16. Nc4 Be6 17. Qa4 e4 18. dxe4 fxe4 19. Rxe4 Bd5 20. Nxd4 Bxe4 21. Ne6
Qd7 22. Nxf8 Rxf8 23. Bxe4 Qd4 24. Qc2 Qxc5 25. Be3 Qh5 26. Rd1 b5 27. Rd7 Bb8
28. Nd2 Rc8 29. Qd3 Bc7 30. Bxc6 Nxc6 31. Qd5 Qxd5 32. Rxd5 b4 33. Nc4 bxa3 34.
bxa3 Ne7 35. Rc5 Bd8 36. Nxa5 Ra8 37. Nc6 Bb6 38. Nxe7 Bxc5 39. Bxc5 g5 40. Kg2
Kg7 41. Kf3 Kf6 42. Ke4 h5 43. Nd5+ Kg6 44. Kd4 g4 45. Kc4 Rb8 46. a4 Kf5 47.
a5 Ra8 48. Kb5 Ke5 49. Nb6 1-0

[Event "Labour Day op"]
[Site "Langley CAN"]
[Date "2010.09.05"]
[Round "3.7"]
[White "Doknjas, John"]
[Black "Han, Yiming"]
[Result "1-0"]
[WhiteElo "1917"]
[BlackElo "1823"]
[PlyCount "125"]
[EventDate "2010.09.04"]
[EventType "swiss"]
[EventRounds "6"]
[EventCountry "CAN"]

1. d4 f5 2. g3 Nf6 3. Bg2 e6 4. c4 Be7 5. Nf3 O-O 6. O-O d5 7. b3 c6 8. Bb2 Bd6
9. Ba3 Bxa3 10. Nxa3 Ne4 11. Nc2 Nd7 12. Nce1 Ndf6 13. e3 b6 14. Nd3 c5 15. Rc1
Ba6 16. Re1 Qe7 17. Nfe5 Rac8 18. f3 Nd6 19. dxc5 bxc5 20. cxd5 exd5 21. Rxc5
Rxc5 22. Nxc5 Qxe5 23. Nxa6 Qc3 24. a3 Re8 25. Nb4 Rxe3 26. Kf2 Qxb3 27. Qxb3
Rxb3 28. Rd1 Rxa3 29. Nxd5 Ra2+ 30. Kg1 Nxd5 31. Rxd5 Nc4 32. Bf1 Ra1 33. Rd8+
Kf7 34. Kf2 Ne5 35. Rc8 Ra2+ 36. Ke3 Ra3+ 37. Kf4 Ng6+ 38. Kg5 h6+ 39. Kh5 Ne7
40. Bc4+ Kf6 41. Rf8+ Ke5 42. Rf7 Kd4 43. Rxe7 Kxc4 44. Rxg7 a5 45. f4 Rd3 46.
Kxh6 Rd5 47. Kg6 a4 48. Ra7 Kb4 49. h4 Ra5 50. Rb7+ Kc5 51. Rb1 Kd4 52. h5 a3
53. h6 Ra6+ 54. Kg5 a2 55. Ra1 Ra7 56. Kxf5 Ra5+ 57. Kg4 Ra7 58. f5 Ke5 59. Kg5
Ra3 60. h7 Rxg3+ 61. Kh4 Kf4 62. Rf1+ Rf3 63. Rxf3+ 1-0

[Event "Labour Day op"]
[Site "Langley CAN"]
[Date "2010.09.05"]
[Round "3.8"]
[White "Sullivan, Brian"]
[Black "Kyriakides, Savvas"]
[Result "1-0"]
[WhiteElo "1660"]
[BlackElo "2106"]
[PlyCount "56"]
[EventDate "2010.09.04"]
[EventType "swiss"]
[EventRounds "6"]
[EventCountry "CAN"]

1. d4 f5 2. c4 Nf6 3. Nc3 g6 4. e3 Bg7 5. Nf3 c5 6. Be2 O-O 7. h4 h6 8. Ne5 Kh7
9. h5 g5 10. Qc2 d6 11. Ng6 Rf7 12. g4 cxd4 13. exd4 Nc6 14. Be3 Qa5 15. O-O-O
Nb4 16. Qb1 Ne4 17. a3 Nxc3 18. axb4 Nxe2+ 19. Kd2 Qxb4+ 20. Kxe2 Qxc4+ 21. Ke1
Bd7 22. f4 gxf4 23. Nxf4 e5 24. Ne2 exd4 25. Nxd4 Re8 26. Kf2 Rxe3 27. Kxe3
Re7+ 28. Kf3 Bxd4 1-0

[Event "Labour Day op"]
[Site "Langley CAN"]
[Date "2010.09.05"]
[Round "4.1"]
[White "Fuentebella, Mayo"]
[Black "MacKay, Ian"]
[Result "0-1"]
[WhiteElo "2336"]
[BlackElo "2316"]
[PlyCount "114"]
[EventDate "2010.09.04"]
[EventType "swiss"]
[EventRounds "6"]
[EventCountry "CAN"]

1. c4 f5 2. Nc3 Nf6 3. d4 e6 4. a3 d5 5. Bg5 c6 6. e3 Nbd7 7. cxd5 exd5 8. Bd3
g6 9. Nf3 h6 10. Bh4 Be7 11. Bxf6 Bxf6 12. h4 h5 13. Ne2 Qe7 14. Nf4 Nf8 15. g3
Be6 16. Rc1 a6 17. Kf1 Bf7 18. Qc2 Ne6 19. Kg2 Kf8 20. Rhe1 Kg7 21. Ng1 Raf8
22. Ngh3 Be8 23. f3 Nxf4+ 24. Nxf4 g5 25. hxg5 Bxg5 26. Bxf5 Rf6 27. Kf2 Qd6
28. Rg1 Kf7 29. Nh3 Bh6 30. f4 Ke7 31. g4 hxg4 32. Rxg4 Rhf8 33. Bd3 Bd7 34.
Rcg1 Bxg4 35. Rxg4 Kd7 36. Qc3 Qe6 37. Kf3 Re8 38. Qd2 Qf7 39. Qf2 Rfe6 40. Ng5
Rxe3+ 41. Qxe3 Rxe3+ 42. Kxe3 Qe7+ 43. Kd2 Qf6 44. Ke3 c5 45. Nf3 cxd4+ 46.
Nxd4 Bg7 47. Nf5 Qb6+ 48. Kf3 Bxb2 49. Ne3 Qb3 50. Kg2 Qxa3 51. f5 Qe7 52. Kf3
Kd6 53. Rg6+ Kc5 54. Ng4 Qh4 55. Nf2 Bd4 56. Rg2 a5 57. Ng4 a4 0-1

[Event "Labour Day op"]
[Site "Langley CAN"]
[Date "2010.09.05"]
[Round "4.2"]
[White "Wu, Howard"]
[Black "Laceste, Loren"]
[Result "0-1"]
[WhiteElo "2214"]
[BlackElo "1748"]
[PlyCount "104"]
[EventDate "2010.09.04"]
[EventType "swiss"]
[EventRounds "6"]
[EventCountry "CAN"]

1. e4 c5 2. Nf3 Nc6 3. Bb5 a6 4. Bxc6 bxc6 5. O-O d6 6. h3 e5 7. c3 Be7 8. d4
cxd4 9. cxd4 Qc7 10. Nc3 Nf6 11. Be3 O-O 12. Rc1 exd4 13. Nxd4 c5 14. Nde2 Qb7
15. Qc2 Re8 16. Nf4 Bf8 17. f3 Rb8 18. b3 Bd7 19. Rfd1 Bc6 20. Qf2 Rbd8 21.
Nfd5 Nxd5 22. Nxd5 f5 23. Bg5 Rc8 24. Qc2 Qf7 25. Bh4 Rb8 26. Bf2 fxe4 27. fxe4
Re6 28. Qe2 Qg6 29. Qxa6 Bb7 30. Qc4 Qxe4 31. Nf4 Qxc4 32. Rxc4 Re5 33. Bg3 Ra8
34. Rc2 g6 35. Ne2 Re6 36. Nc3 Rd8 37. Na4 Rde8 38. Nb6 Re2 39. Rdd2 R2e6 40.
Kh2 Be4 41. Rc4 Bc6 42. Nd5 Bh6 43. Nf4 Rf6 44. Nd5 Rf5 45. Nf4 Bb5 46. Rdc2
Bxc4 47. Rxc4 d5 48. Ra4 Bxf4 49. Bxf4 d4 50. Bh6 Ree5 51. Ra7 d3 52. Bd2 Re2
0-1

[Event "Labour Day op"]
[Site "Langley CAN"]
[Date "2010.09.05"]
[Round "4.3"]
[White "Goodman, Kevin"]
[Black "Doknjas, John"]
[Result "1-0"]
[WhiteElo "2014"]
[BlackElo "1917"]
[PlyCount "61"]
[EventDate "2010.09.04"]
[EventType "swiss"]
[EventRounds "6"]
[EventCountry "CAN"]

1. d4 Nf6 2. c4 c5 3. d5 e6 4. Nc3 exd5 5. cxd5 d6 6. e4 g6 7. Bd3 Bg7 8. Nge2
O-O 9. O-O Re8 10. Bg5 h6 11. Bh4 g5 12. Bg3 a6 13. f4 gxf4 14. Nxf4 Bg4 15.
Be2 Bxe2 16. Qxe2 b5 17. Nh5 b4 18. Nxg7 Kxg7 19. e5 dxe5 20. Bh4 bxc3 21.
Bxf6+ Qxf6 22. Rxf6 Kxf6 23. Rf1+ Kg7 24. Qg4+ Kf8 25. bxc3 Ra7 26. Qc4 Rc8 27.
Qh4 Ke8 28. Qxh6 Re7 29. d6 Re6 30. Qh8+ Kd7 31. Rxf7+ 1-0

[Event "Labour Day op"]
[Site "Langley CAN"]
[Date "2010.09.05"]
[Round "4.4"]
[White "Sohal, Tanraj"]
[Black "Lai, Jingzhou (Peter)"]
[Result "1-0"]
[WhiteElo "2165"]
[BlackElo "1908"]
[PlyCount "71"]
[EventDate "2010.09.04"]
[EventType "swiss"]
[EventRounds "6"]
[EventCountry "CAN"]

1. d4 f5 2. c4 Nf6 3. Nc3 e6 4. g3 Be7 5. Bg2 O-O 6. Nf3 d5 7. O-O c6 8. e3 Ne4
9. Qc2 Bd7 10. Ne5 Be8 11. f3 Nxc3 12. bxc3 Nd7 13. Nxd7 Qxd7 14. Qe2 Bh5 15.
Bd2 e5 16. cxd5 cxd5 17. dxe5 Qe6 18. Qd3 Rfd8 19. f4 Be8 20. Be1 Rac8 21. Rf2
Rc5 22. Rb1 Bc6 23. Rd2 a6 24. Bf2 Bb5 25. Qc2 Rdc8 26. Qd1 Rd8 27. e4 Rxc3 28.
exd5 Qc8 29. d6 Bf8 30. Bb6 Re8 31. Rd4 Ra3 32. Bd5+ Kh8 33. Rc1 Bc6 34. Bxc6
bxc6 35. Bc5 Bxd6 36. exd6 1-0

[Event "Labour Day op"]
[Site "Langley CAN"]
[Date "2010.09.05"]
[Round "4.5"]
[White "Kyriakides, Savvas"]
[Black "Lo, Ryan"]
[Result "1/2-1/2"]
[WhiteElo "2106"]
[BlackElo "1728"]
[PlyCount "150"]
[EventDate "2010.09.04"]
[EventType "swiss"]
[EventRounds "6"]
[EventCountry "CAN"]

1. e4 c5 2. Nf3 e6 3. d4 cxd4 4. Nxd4 a6 5. c4 d6 6. Nc3 Nf6 7. Be2 Qc7 8. O-O
Be7 9. Be3 O-O 10. Rc1 b6 11. f4 Nbd7 12. Bf3 Bb7 13. f5 e5 14. Nde2 Nc5 15.
Ng3 Rac8 16. Qe2 Rfe8 17. Rfd1 Ncd7 18. b3 Qb8 19. Nf1 Rc6 20. g4 Nf8 21. g5
N6d7 22. Nd5 Bd8 23. Ng3 Rc8 24. Nc3 Be7 25. Bg2 Rc7 26. Qg4 Kh8 27. Rf1 Rec8
28. Nh5 g6 29. fxg6 fxg6 30. Rf7 Nc5 31. Bxc5 dxc5 32. Rcf1 Bd6 33. Ng3 Rxf7
34. Rxf7 Rc7 35. Qf3 Rxf7 36. Qxf7 Qc7 37. Qf6+ Kg8 38. Nd5 Bxd5 39. exd5 e4
40. Nxe4 Bxh2+ 41. Kf1 Qe5 42. Qxe5 Bxe5 43. Bh3 Kf7 44. Ke2 Ke7 45. Kd3 Bf4
46. Ke2 Be5 47. Kf3 Bc7 48. Nc3 Kf7 49. Ke4 Ke7 50. Na4 Nd7 51. Bxd7 Kxd7 52.
Nb2 Bd8 53. Kf4 Bc7+ 54. Ke4 Bd8 55. Kf4 Bc7+ 56. Kg4 Ke7 57. Nd3 Kf7 58. Nf4
Ke7 59. Kf3 Be5 60. Ke4 Bc3 61. Ne6 Bd2 62. Ke5 Bc3+ 63. Kf4 Bd2+ 64. Kg4 h6
65. gxh6 Bxh6 66. Nc7 Kd7 67. Nxa6 Kc8 68. b4 Kb7 69. d6 Kc6 70. bxc5 bxc5 71.
Nxc5 Kxd6 72. Ne4+ Ke5 73. Ng5 Bxg5 74. Kxg5 Kd4 75. a4 Kxc4 1/2-1/2

[Event "Labour Day op"]
[Site "Langley CAN"]
[Date "2010.09.05"]
[Round "4.6"]
[White "Leblanc, Paul"]
[Black "Moore, David"]
[Result "1-0"]
[WhiteElo "1885"]
[BlackElo "2070"]
[PlyCount "55"]
[EventDate "2010.09.04"]
[EventType "swiss"]
[EventRounds "6"]
[EventCountry "CAN"]

1. d4 Nf6 2. g3 d5 3. Bg2 e6 4. Nf3 c5 5. O-O Nc6 6. c4 Be7 7. a3 O-O 8. dxc5
dxc4 9. Qc2 Bxc5 10. Qxc4 Qd5 11. Qc2 Bb6 12. Nc3 Qh5 13. Bg5 Ng4 14. h3 Nxf2
15. Rxf2 f6 16. g4 Qf7 17. Bh4 e5 18. Kh1 Bxf2 19. Bxf2 Be6 20. Qa4 Rad8 21.
Bc5 Rfe8 22. Nb5 Bb3 23. Qe4 Bd5 24. Qc2 Bb3 25. Qc3 e4 26. Nd2 Rxd2 27. Qxd2
Qc4 28. Nd6 1-0